000 00307nam a22001337a 4500
020 _a0028296001
040 _cNUST
082 _a604.2
_bWAL'D
100 _aWALLACH, PAUL
_9132684
245 _aDRAFTING
260 _aLONDON:
_bGLENCOE PUBLISHING,
_c1981.
650 _aDRAFTING
_9132685
942 _2ddc
_cBK
999 _c615760
_d615760